000 01244nam a2200313 a 4500
001 000114736
003 CHAP
005 20220329144455.0
008 180403s2018 mx sm |||||||spa d
010 _a111197
011 _a112169
040 _cCHAP
090 _aTesis
100 1 _aPedroza Pedroza, Dulce María
_9135013
245 1 0 _aPropiedades fisicoquímicas y viscoelásticas de emulciones de distintas fracciones de grasa láctea estabilizadas con complejos biopoliméricos solubles
_h[En línea]
_cpor Dulce Maria Pedroza Pedroza.
260 _aChapingo, Méx. :
_bEl autor,
_c2018.
500 _aPara ver el contenido del material haga clic en la liga
502 _aTesis (M.C. en Ciencia y Tecnología Agroalimentaria) -- UACH. Departamento de Ingeniería Agroindustrial
590 _aE6339RRR
_b00
_c20180403
_lUCH01
_h1200
590 _aE6339RRR
_b05
_c20180403
_lUCH01
_h1159
590 _aE6339RRR
_b05
_c20180403
_lUCH01
_h1201
650 1 4 _aGrasas y aceites en nutrición.
_950454
650 1 4 _aLeche
_xGrasas.
_965375
650 1 4 _aProteínas de suero de leche
_xAprovechamiento.
_9134725
856 _aFinding aid
_uhttp://10.13.5.2/tesis/sist114736.pdf
_zTeclea aquí
901 _aBK
942 _cLIBRO
942 _n0
999 _c111197
_d111197